| 000 | 00379nam a2200169Ia 4500 | ||
|---|---|---|---|
| 100 | _aFRANKL/VIKTOR E. | ||
| 650 | _aPHILOPSOPHY | ||
| 942 | _cBK | ||
| 366 | _f25 | ||
| 654 | _aMAN'S SEARCH FOR MEANING | ||
| 245 | _aMAN'S SEARCH FOR MEANING | ||
| 260 |
_bBETTER YOURSELF BOOK _aBandra _c1962 |
||
| 082 |
_a170/FRA _bFRA |
||
| 300 | _a120 | ||
| 546 | _aENGLISH | ||
| 999 |
_c30732 _d30732 |
||